[Event "Tbilisi zt (Women)"]
[Site "Tbilisi"]
[Date "1999.??.??"]
[Round "9"]
[White "Nikoladze, Sopio"]
[Black "Kalevic, Sanja"]
[Result "1-0"]
[WhiteElo "2262"]
[BlackElo "2354"]
[EventDate "1999.05.07"]
[PlyCount "72"]

1.d4 e6 2.Nf3 Nf6 3.e3 b6 4.Bd3 Bb7 5.O-O Be7 6.c4 O-O 7.Nc3 d5 8.Ne5 c5 
9.cxd5 exd5 10.b3 Nbd7 11.Bb2 Ne4 12.Ne2 Rc8 13.Rc1 Nd6 14.Nf4 Nf6 15.Qf3 
c4 16.Bb1 Nde4 17.Qe2 c3 18.Bxe4 cxb2 19.Rxc8 Qxc8 20.Bd3 Ba3 21.f3 Qc1 
22.Bb1 Rc8 23.Kf2 a5 24.g4 Qc7 25.Qd3 Qc3 26.Qb5 Qd2+ 27.Ne2 Rc3 28.Bd3 
Rc1 29.g5 Rxf1+ 30.Kxf1 Qc1+ 31.Kf2 Qc7 32.gxf6 gxf6 33.Qd7 Bd6 34.Qxc7 
Bxc7 35.Ng4 Kg7 36.e4 f5 1-0

[Event "Tbilisi zt (Women)"]
[Site "Tbilisi"]
[Date "1999.??.??"]
[Round "9"]
[White "Tsurtsumia, Natia"]
[Black "Sanli, Emine"]
[Result "1-0"]
[WhiteElo "2122"]
[BlackElo "2050"]
[EventDate "1999.05.07"]
[PlyCount "47"]

1.e4 e6 2.d4 d5 3.exd5 exd5 4.Nf3 Bd6 5.c4 dxc4 6.Bxc4 Nf6 7.O-O O-O 8.h3 
h6 9.Nc3 c6 10.Ne5 Qc7 11.Re1 Bf5 12.Qf3 Qc8 13.Bf4 Bxe5 14.dxe5 Nh7 15.
Qg3 Kh8 16.Ne4 Bxe4 17.Rxe4 Qf5 18.Rd4 Nd7 19.Bd3 Qe6 20.Rd6 Qe7 21.Bxh7 
g6 22.Bxg6 Rg8 23.Qc3 fxg6 24.Rxd7 1-0

[Event "Bydgoszcz Bank Pocztowy op"]
[Site "Bydgoszcz"]
[Date "1999.07.12"]
[Round "1"]
[White "Antoniewski, Rafal"]
[Black "Sawicki, Mikolaj"]
[Result "1-0"]
[WhiteElo "2417"]
[BlackElo "2076"]
[EventDate "1999.07.12"]
[PlyCount "57"]

1.e4 e5 2.Nf3 Nf6 3.Nxe5 d6 4.Nf3 Nxe4 5.d4 d5 6.Bd3 Nc6 7.O-O Be7 8.c4 
Nf6 9.Nc3 Nb4 10.Be2 dxc4 11.Bxc4 O-O 12.a3 Nbd5 13.Ne5 c6 14.Qb3 h6 15.
Re1 Rb8 16.Nxc6 bxc6 17.Qxb8 Bd6 18.Qb3 Ng4 19.g3 Nxh2 20.Ne4 Ng4 21.Bxd5 
cxd5 22.Qxd5 Bc7 23.Qxd8 Rxd8 24.f3 Nf6 25.Nxf6+ gxf6 26.Kg2 Kg7 27.Be3 
Bb6 28.Rad1 Be6 29.d5 1-0

[Event "Bydgoszcz Bank Pocztowy op"]
[Site "Bydgoszcz"]
[Date "1999.07.12"]
[Round "1"]
[White "Braslavsky, Aleksandr"]
[Black "Moiseenko, Alexander"]
[Result "0-1"]
[WhiteElo "2295"]
[BlackElo "2501"]
[EventDate "1999.07.12"]
[PlyCount "58"]

1.e4 c5 2.Nf3 Nc6 3.d4 cxd4 4.Nxd4 e5 5.Nb5 d6 6.c4 Be7 7.N1c3 a6 8.Na3 
Be6 9.Be3 Bg5 10.Qd2 Bxe3 11.fxe3 Nf6 12.Bd3 O-O 13.O-O Re8 14.Nd5 Nd7 15.
b4 a5 16.Nb5 axb4 17.Nxd6 Rb8 18.Nb5 Nc5 19.Bc2 Qh4 20.Qf2 Qxf2+ 21.Kxf2 
Ra8 22.Rfb1 Ra5 23.Nbc7 Rd8 24.Ke1 Rd7 25.Nxe6 fxe6 26.Nxb4 Nxb4 27.Rxb4 
Ra3 28.Rd1 Rxe3+ 29.Kf2 Rc3 0-1

[Event "Bydgoszcz Bank Pocztowy op"]
[Site "Bydgoszcz"]
[Date "1999.07.12"]
[Round "1"]
[White "Brodsky, Michail"]
[Black "Pavlenko, Oleg"]
[Result "1-0"]
[WhiteElo "2512"]
[BlackElo "2295"]
[EventDate "1999.07.12"]
[PlyCount "158"]

1.e4 d5 2.exd5 Nf6 3.c4 c6 4.Nc3 cxd5 5.cxd5 Nxd5 6.Nf3 Nc6 7.Bc4 Nb6 8.
Bb5 Bd7 9.d4 a6 10.Be2 e6 11.O-O Be7 12.Re1 O-O 13.a3 Nd5 14.Bd3 Rc8 15.
Ne4 h6 16.Bc2 f5 17.Ng3 Bd6 18.Bb3 Qb6 19.Ne2 Na5 20.Bxd5 exd5 21.b4 Nc4 
22.Nf4 Qc6 23.Ne5 Bxe5 24.dxe5 Rfe8 25.Qd4 Be6 26.Nd3 Qb6 27.Nc5 a5 28.Bd2
Qc6 29.Bc3 b6 30.Nd3 Rc7 31.Rec1 Rec8 32.bxa5 b5 33.Bb4 Qa6 34.Nc5 Qc6 35.
h3 Ra8 36.Rc3 Rca7 37.Nb3 Qc8 38.Re1 Kh7 39.Rf3 Rf7 40.Qd3 Kh8 41.Nd4 Qd7 
42.Nb3 Qc7 43.Qd4 Qc8 44.Rd1 Qe8 45.Nc5 Rd8 46.a6 Kh7 47.Nb7 Ra8 48.Nd6 
Nxd6 49.exd6 Rxa6 50.Re1 Rf6 51.Rc1 Rc6 52.Rxc6 Qxc6 53.Rc3 Qe8 54.Rc5 Bd7
55.Qxd5 Qf7 56.Qd3 Qe6 57.Rc1 Rf7 58.Re1 Qg6 59.Qf3 Qf6 60.Qd5 Qg6 61.Qf3 
Qf6 62.Rd1 Qe6 63.Rc1 Qe5 64.Qb3 Qe6 65.Qc3 Qg6 66.Re1 Be6 67.Qd3 Bd7 68.
Re5 Qg5 69.Bd2 Qg6 70.Bc3 Qg5 71.Re3 Bc6 72.f3 Bd7 73.Be5 Bc6 74.Re2 Qc1+ 
75.Kh2 Qg5 76.Qb3 Qg6 77.Bf4 Bd7 78.Qc3 Qe6 79.Qd4 Bc6 1-0

[Event "Bydgoszcz Bank Pocztowy op"]
[Site "Bydgoszcz"]
[Date "1999.07.12"]
[Round "1"]
[White "Czerwonski, Aleksander"]
[Black "Ziolkowski, Dawid"]
[Result "1-0"]
[WhiteElo "2426"]
[BlackElo "2123"]
[EventDate "1999.07.12"]
[PlyCount "91"]

1.d4 Nf6 2.c4 c5 3.d5 b5 4.cxb5 a6 5.bxa6 Bxa6 6.Nc3 d6 7.e4 Bxf1 8.Kxf1 
g6 9.Nf3 Bg7 10.g3 O-O 11.Kg2 Nbd7 12.Re1 Ra6 13.a4 Qa8 14.Bg5 Nb6 15.Nd2 
h6 16.Be3 Nfd7 17.Qe2 Kh7 18.Ra3 Bxc3 19.bxc3 Rxa4 20.Rxa4 Qxa4 21.c4 Ne5 
22.Rc1 Qa3 23.Rb1 Rb8 24.f4 Qd3 25.Qxd3 Nxd3 26.e5 Nb4 27.Kf3 Nc2 28.Bf2 
Kg7 29.g4 Kf8 30.f5 Ke8 31.exd6 exd6 32.Ne4 Kd7 33.Nxd6 Na3 34.Rb3 Kxd6 
35.Bg3+ Kd7 36.Bxb8 Naxc4 37.fxg6 fxg6 38.Rc3 Nd2+ 39.Ke3 Nxd5+ 40.Kxd2 
Nxc3 41.Kxc3 Ke6 42.Kc4 h5 43.h3 Kf6 44.Bf4 g5 45.Bh2 hxg4 46.hxg4 1-0

[Event "Bydgoszcz Bank Pocztowy op"]
[Site "Bydgoszcz"]
[Date "1999.07.12"]
[Round "1"]
[White "Filippov, Valerij"]
[Black "Stets, Dmitry"]
[Result "1-0"]
[WhiteElo "2605"]
[BlackElo "2409"]
[EventDate "1999.07.12"]
[PlyCount "67"]

1.Nf3 Nf6 2.c4 g6 3.d4 Bg7 4.g3 O-O 5.Bg2 d6 6.Nc3 Nbd7 7.O-O e5 8.e4 a6 
9.Qc2 exd4 10.Nxd4 Re8 11.Rd1 c6 12.h3 h6 13.Be3 Qe7 14.Re1 Rb8 15.Rad1 
Ne5 16.b3 c5 17.Nde2 b5 18.f4 Ned7 19.Bf2 bxc4 20.bxc4 Bb7 21.Nc1 Ba8 22.
Nd3 Qe6 23.Nd5 Nxd5 24.cxd5 Qf6 25.Qa4 Qd8 26.Qxa6 Bb7 27.Qc4 Ra8 28.Qc2 
Ra3 29.e5 dxe5 30.fxe5 Nxe5 31.Nxc5 Ba8 32.d6 Bxg2 33.Kxg2 f5 34.Qd2 1-0

[Event "Bydgoszcz Bank Pocztowy op"]
[Site "Bydgoszcz"]
[Date "1999.07.12"]
[Round "1"]
[White "Fiodorov, Mikhail"]
[Black "Malakhatko, Vadim"]
[Result "0-1"]
[WhiteElo "2352"]
[BlackElo "2537"]
[EventDate "1999.07.12"]
[PlyCount "120"]

1.d4 Nf6 2.Nf3 c5 3.d5 d6 4.Nc3 g6 5.g3 Bg7 6.Bg2 O-O 7.O-O Na6 8.Nd2 Nc7 
9.a4 Rb8 10.Nc4 b6 11.e4 Ba6 12.Qd3 Ng4 13.Bf4 g5 14.Bh3 Nxh2 15.Kxh2 gxf4
16.gxf4 e6 17.Rad1 Qh4 18.Ne2 exd5 19.exd5 Rbe8 20.b3 Nxd5 21.Qg3 Qxg3+ 
22.Nxg3 Nxf4 23.Rxd6 Nxh3 24.Kxh3 Be5 25.Rd3 Bb8 26.Rg1 Kh8 27.Rgd1 f5 28.
Re3 Rxe3 29.fxe3 f4 30.exf4 Bxf4 31.Nd6 Rf6 32.Nge4 Be2 33.Rd5 Rf8 34.Ng3 
Bf3 35.Rd4 Bc6 36.Ndf5 Bc7 37.Ne7 Be8 38.Ngf5 Be5 39.Rd8 Bf6 40.c4 Bxe7 
41.Nxe7 Kg7 42.Kg3 Bxa4 43.Rd3 Rf7 44.Nd5 Bc6 45.Nf4 Be4 46.Re3 Bc2 47.Rc3
Bf5 48.Rc1 Rd7 49.Re1 Bg6 50.Re3 Bf7 51.Kg4 Kf6 52.Nd3 Rd4+ 53.Nf4 h5+ 54.
Kg3 h4+ 55.Kg4 h3 56.Re1 h2 57.Kg3 Kf5 58.Ng2 Rd3+ 59.Kxh2 Rxb3 60.Re7 Kf6
0-1

[Event "Bydgoszcz Bank Pocztowy op"]
[Site "Bydgoszcz"]
[Date "1999.07.12"]
[Round "1"]
[White "Poluljahov, Aleksandr"]
[Black "Galinsky, Timofey"]
[Result "0-1"]
[WhiteElo "2554"]
[BlackElo "2370"]
[EventDate "1999.07.12"]
[PlyCount "94"]

1.e4 e6 2.d3 d5 3.Qe2 b6 4.Nf3 dxe4 5.dxe4 Ba6 6.Qd2 Qxd2+ 7.Bxd2 Nf6 8.
Nc3 Bb4 9.a3 Bxf1 10.Kxf1 Bxc3 11.Bxc3 Nc6 12.Re1 O-O-O 13.g4 h6 14.Rg1 
Rhg8 15.Rg3 Nd7 16.h4 f6 17.g5 hxg5 18.hxg5 e5 19.b4 b5 20.Nh4 Nb6 21.Nf5 
Kb7 22.Ke2 Nc4 23.Ra1 a6 24.a4 bxa4 25.Rxa4 fxg5 26.Rxg5 g6 27.Ne3 Nd6 28.
f3 Nb5 29.Be1 Ncd4+ 30.Kf2 Rdf8 31.Rg3 Nd6 32.Kg2 Ne2 33.Rg4 Rf7 34.Nf1 
Nc4 35.Bf2 g5 36.Ne3 Nf4+ 37.Kf1 Nd2+ 38.Ke1 Nxf3+ 39.Kd1 Rd7+ 40.Kc1 Nh2 
41.Rg3 Ne2+ 42.Kb2 Nxg3 43.Bxg3 Nf3 44.Ng4 Rf8 45.Ra5 Rd4 46.Nxe5 Rxb4+ 
47.Kc1 Rb5 0-1

[Event "Bydgoszcz Bank Pocztowy op"]
[Site "Bydgoszcz"]
[Date "1999.07.12"]
[Round "1"]
[White "Sosnicki, Michal"]
[Black "Malaniuk, Vladimir P"]
[Result "0-1"]
[WhiteElo "2335"]
[BlackElo "2525"]
[EventDate "1999.07.12"]
[PlyCount "134"]

1.d4 Nf6 2.c4 d6 3.Nc3 Nbd7 4.Nf3 c6 5.e4 e5 6.Be2 Be7 7.O-O O-O 8.Be3 a6 
9.h3 b5 10.a3 Bb7 11.cxb5 axb5 12.b4 Qb8 13.Qb1 exd4 14.Nxd4 Re8 15.f4 Bd8
16.Bf2 c5 17.Ndxb5 Nxe4 18.Nxe4 Bxe4 19.Qd1 Be7 20.Nc3 Bb7 21.Bb5 Rd8 22.
Bxd7 Rxd7 23.Bxc5 Bxg2 24.Kxg2 Qb7+ 25.Qd5 dxc5 26.Qxb7 Rxb7 27.Nd5 Bf8 
28.Rfb1 Rd8 29.Rd1 Rbd7 30.Ne3 cxb4 31.Rxd7 Rxd7 32.axb4 Bxb4 33.Ra8+ Bf8 
34.Kf3 f6 35.Rb8 Kf7 36.Rb3 Bc5 37.Ng2 g6 38.Rc3 Ba7 39.Rb3 Re7 40.Ra3 Kg7
41.Rb3 Kh6 42.Ra3 f5 43.Rd3 Kh5 44.Ra3 Rb7 45.Rd3 h6 46.h4 Rb1 47.Kg3 Rh1 
48.Ra3 Bc5 49.Rc3 Bb4 50.Re3 Rf1 51.Re2 Bc5 52.Rc2 Bg1 53.Re2 Bd4 54.Rd2 
Bc3 55.Re2 Rc1 56.Re3 Bd2 57.Re2 Rc3+ 58.Kf2 Bc1 59.Re6 Rh3 60.Rc6 Bd2 61.
Rd6 Bb4 62.Re6 Ra3 63.Rc6 Rd3 64.Rc1 Be7 65.Rc6 Rh3 66.Re6 Bxh4+ 67.Nxh4 
Rxh4 0-1

[Event "Bydgoszcz Bank Pocztowy op"]
[Site "Bydgoszcz"]
[Date "1999.07.12"]
[Round "1"]
[White "Vaulin, Alexander"]
[Black "Jaracz, Barbara"]
[Result "1-0"]
[WhiteElo "2492"]
[BlackElo "2293"]
[EventDate "1999.07.12"]
[PlyCount "69"]

1.c4 Nf6 2.g3 g6 3.Bg2 d5 4.cxd5 Nxd5 5.Nc3 Nb6 6.d3 Bg7 7.Be3 O-O 8.Qd2 
Nc6 9.Bxc6 bxc6 10.Bh6 c5 11.Bxg7 Kxg7 12.b3 Bb7 13.f3 Qd7 14.Rc1 f6 15.
Qe3 a6 16.Qxc5 Qd6 17.Ne4 Bxe4 18.fxe4 f5 19.exf5 Rxf5 20.Qxd6 cxd6 21.Nf3
Ra5 22.a4 Nd5 23.Nd4 Nb4 24.Rc4 Rb8 25.Rf1 Re5 26.Kd2 Rb7 27.e4 a5 28.Nf3 
Rh5 29.h4 d5 30.Rc8 dxe4 31.dxe4 Rd7+ 32.Ke2 Rd3 33.g4 Rxf3 34.Kxf3 Rxh4 
35.Kg3 1-0

[Event "Bydgoszcz Bank Pocztowy op"]
[Site "Bydgoszcz"]
[Date "1999.07.12"]
[Round "1"]
[White "Vokarev, Sergey"]
[Black "Kucypera, Anna"]
[Result "1-0"]
[WhiteElo "2469"]
[BlackElo "2218"]
[EventDate "1999.07.12"]
[PlyCount "65"]

1.e4 c5 2.Nf3 Nc6 3.d4 cxd4 4.Nxd4 Nf6 5.Nc3 e5 6.Ndb5 d6 7.Nd5 Nxd5 8.
exd5 Nb8 9.c4 a6 10.Nc3 Be7 11.Be3 O-O 12.Qd2 f5 13.f3 Nd7 14.Be2 Nf6 15.
O-O Bd7 16.c5 f4 17.Bf2 Bf5 18.Rfd1 Qd7 19.Bd3 Rfd8 20.c6 bxc6 21.dxc6 Qe6
22.Bxf5 Qxf5 23.Nd5 Nxd5 24.Qxd5+ Kh8 25.b4 Rdc8 26.a4 Rab8 27.b5 axb5 28.
axb5 Bd8 29.Qxd6 Bc7 30.Qd7 Qxd7 31.Rxd7 h6 32.Rd5 Kh7 33.Ra7 1-0

[Event "Bydgoszcz Bank Pocztowy op"]
[Site "Bydgoszcz"]
[Date "1999.07.12"]
[Round "1"]
[White "Zulfugarli, Magomed"]
[Black "Najer, Evgeniy"]
[Result "0-1"]
[WhiteElo "2388"]
[BlackElo "2562"]
[EventDate "1999.07.12"]
[PlyCount "86"]

1.e4 e5 2.Nf3 Nc6 3.Bb5 Nd4 4.Nxd4 exd4 5.O-O Bc5 6.Bc4 d6 7.b4 Bb6 8.a4 
a6 9.Ra3 Nf6 10.Rg3 Nxe4 11.Re1 d5 12.Rxg7 Qf6 13.Rxe4+ dxe4 14.Rxf7 Qg6 
15.a5 Rg8 16.g3 Be6 17.Bxe6 Qxe6 18.Rf4 Ba7 19.Qh5+ Rg6 20.Qh4 Rh6 21.Rxe4
Rxh4 22.Rxe6+ Kf7 23.Re5 Rh6 24.d3 Re6 25.Rxe6 Kxe6 26.Nd2 b6 27.Nb3 Kd5 
28.Bf4 c5 29.bxc5 bxa5 30.Nxa5 Bxc5 31.h4 Bb4 32.Nc4 Kc6 33.Be5 Rf8 34.g4 
a5 35.g5 a4 36.h5 a3 37.Nxa3 Bxa3 38.g6 h6 39.Bf6 Rc8 40.Bxd4 Kd5 41.c3 
Ke6 42.g7 Kf7 43.Kf1 Bb2 0-1

[Event "Bydgoszcz Bank Pocztowy op"]
[Site "Bydgoszcz"]
[Date "1999.07.13"]
[Round "2"]
[White "Agamaliev, Gamil"]
[Black "Nowacki, Tomasz"]
[Result "1-0"]
[WhiteElo "2478"]
[BlackElo "2047"]
[EventDate "1999.07.12"]
[PlyCount "67"]

1.d4 Nf6 2.Nf3 e6 3.Bg5 Be7 4.Nbd2 b6 5.e4 Bb7 6.Bd3 h6 7.Bxf6 Bxf6 8.Qe2 
d6 9.O-O-O Nd7 10.h4 a6 11.Kb1 b5 12.c3 Be7 13.Nf1 c5 14.Ng3 c4 15.Bc2 Qb6
16.Nh5 O-O-O 17.Nxg7 Rdg8 18.Nh5 Rxg2 19.Ng3 d5 20.Ne1 Rxg3 21.fxg3 a5 22.
exd5 Bxd5 23.Be4 Nf6 24.Bxd5 Nxd5 25.Ng2 Bd6 26.Rhf1 Qc7 27.Ne3 Nb6 28.Qh5
f5 29.Qg6 Qe7 30.d5 Bc5 31.Rfe1 Rd8 32.Nxf5 Qd7 33.Qxe6 Qxe6 34.dxe6 1-0

[Event "Bydgoszcz Bank Pocztowy op"]
[Site "Bydgoszcz"]
[Date "1999.07.13"]
[Round "2"]
[White "Ehrenfeucht, Wojciech"]
[Black "Palosz, Andrzej"]
[Result "1-0"]
[WhiteElo "2316"]
[BlackElo "2182"]
[EventDate "1999.07.12"]
[PlyCount "65"]

1.e4 c5 2.Nf3 e6 3.d4 cxd4 4.Nxd4 a6 5.Bd3 Nf6 6.O-O d6 7.c4 Be7 8.Nc3 O-O
9.b3 Nbd7 10.Bb2 Re8 11.Rc1 Bf8 12.Bb1 g6 13.Qd2 b6 14.f4 Bb7 15.f5 Bg7 
16.fxe6 fxe6 17.Nf3 Qc7 18.Rcd1 Qc5+ 19.Kh1 d5 20.exd5 exd5 21.Nxd5 Nxd5 
22.cxd5 Bxb2 23.Qxb2 Bxd5 24.b4 Qc4 25.Bd3 Qg4 26.Bxg6 hxg6 27.Rxd5 Re7 
28.Qb3 Kg7 29.Qc3+ Kg8 30.Rd4 Qf5 31.Qc4+ Kg7 32.Rd5 Ne5 33.Nxe5 1-0

[Event "Bydgoszcz Bank Pocztowy op"]
[Site "Bydgoszcz"]
[Date "1999.07.13"]
[Round "2"]
[White "Fedorchuk, Sergey A"]
[Black "Filippov, Valerij"]
[Result "0-1"]
[WhiteElo "2457"]
[BlackElo "2605"]
[EventDate "1999.07.12"]
[PlyCount "90"]

1.e4 c5 2.Nf3 e6 3.d4 cxd4 4.Nxd4 Nf6 5.Nc3 Nc6 6.Ndb5 d6 7.Bf4 e5 8.Bg5 
a6 9.Na3 b5 10.Bxf6 gxf6 11.Nd5 f5 12.c3 Bg7 13.exf5 Bxf5 14.Nc2 Be6 15.
Nce3 Ne7 16.Nxe7 Qxe7 17.Qf3 O-O 18.Bd3 Rad8 19.Qh5 h6 20.O-O d5 21.Nf5 
Qf6 22.Nxg7 Kxg7 23.a4 e4 24.Be2 d4 25.Bg4 Bc4 26.Rfe1 dxc3 27.bxc3 Rd5 
28.Qh3 Rd3 29.Qh5 Re8 30.Bf5 Re5 31.Qg4+ Qg5 32.Qxg5+ hxg5 33.Bxe4 Rxc3 
34.axb5 axb5 35.Rab1 f5 36.Bf3 Rxe1+ 37.Rxe1 g4 38.Bc6 b4 39.h3 gxh3 40.
gxh3 b3 41.Re7+ Kf6 42.Rb7 Ke5 43.Kh2 Rc2 44.h4 b2 45.h5 Ba6 0-1

[Event "Bydgoszcz Bank Pocztowy op"]
[Site "Bydgoszcz"]
[Date "1999.07.13"]
[Round "2"]
[White "Galinsky, Timofey"]
[Black "Vaulin, Alexander"]
[Result "0-1"]
[WhiteElo "2370"]
[BlackElo "2492"]
[EventDate "1999.07.12"]
[PlyCount "58"]

1.d4 Nf6 2.Nf3 g6 3.c4 Bg7 4.Nc3 c5 5.d5 d6 6.e4 O-O 7.h3 e5 8.Be2 Nh5 9.
g4 Nf4 10.Bxf4 exf4 11.Qd2 Nd7 12.Qxf4 Ne5 13.O-O h5 14.Nxe5 Bxe5 15.Qf3 
hxg4 16.hxg4 Qh4 17.Qg2 Kg7 18.Rad1 Bd7 19.f4 Bd4+ 20.Rxd4 cxd4 21.Nb1 d3 
22.Bd1 Rae8 23.Nc3 Rh8 24.Bf3 Qf6 25.Qg3 g5 26.fxg5 Qxg5 27.Qxd6 Bxg4 28.
Qg3 Rh3 29.Qg2 Reh8 0-1

[Event "Bydgoszcz Bank Pocztowy op"]
[Site "Bydgoszcz"]
[Date "1999.07.13"]
[Round "2"]
[White "Gashimov, Vugar"]
[Black "Sulskis, Sarunas"]
[Result "0-1"]
[WhiteElo "2426"]
[BlackElo "2521"]
[EventDate "1999.07.12"]
[PlyCount "82"]

1.e4 Nc6 2.Nf3 e5 3.d4 exd4 4.Nxd4 Nf6 5.Nxc6 bxc6 6.e5 Qe7 7.Qe2 Nd5 8.c4
Ba6 9.b3 O-O-O 10.g3 Re8 11.Bb2 Qb4+ 12.Nd2 Qa5 13.f4 f6 14.Qf3 fxe5 15.
cxd5 exf4+ 16.Kd1 Bxf1 17.Rxf1 cxd5 18.gxf4 Bb4 19.Qd3 d4 20.Qf3 d5 21.Qd3
Re3 22.Qxd4 Rhe8 23.Rf2 R8e4 24.Nxe4 Rxe4 25.Rc1 Rxd4+ 26.Bxd4 Qa6 27.Bc3 
Qd3+ 28.Bd2 Bxd2 29.Rxd2 Qf3+ 30.Kc2 Qxf4 31.Re1 Kb7 32.Re7 Qf5+ 33.Rd3 
Qf2+ 34.Kb1 Qg1+ 35.Kb2 Qxh2+ 36.Kb1 Qg1+ 37.Kb2 Qf2+ 38.Kb1 Qg1+ 39.Kb2 
Qg5 40.Rd7 Kc6 41.Rf7 Qe5+ 0-1

[Event "Bydgoszcz Bank Pocztowy op"]
[Site "Bydgoszcz"]
[Date "1999.07.13"]
[Round "2"]
[White "Jaracz, Barbara"]
[Black "Ribkinskis, Tomass"]
[Result "1-0"]
[WhiteElo "2293"]
[BlackElo "2070"]
[EventDate "1999.07.12"]
[PlyCount "63"]

1.e4 e5 2.Nf3 Nc6 3.Bb5 a6 4.Ba4 Nf6 5.O-O Be7 6.Re1 b5 7.Bb3 O-O 8.a4 Bb7
9.d3 d6 10.Nc3 b4 11.Ne2 Na5 12.Ba2 c5 13.Ng3 Nd7 14.Nf5 Nb6 15.c3 Nc6 16.
d4 cxd4 17.cxd4 Bf6 18.d5 Ne7 19.Nxe7+ Bxe7 20.a5 Nd7 21.Qa4 Rb8 22.Be3 f5
23.exf5 Rxf5 24.Qxb4 Kh8 25.Ba7 Rf4 26.Qb3 Nc5 27.Bxc5 dxc5 28.Nxe5 Bd6 
29.Qh3 Bc8 30.Qh5 Bxe5 31.Qxe5 Rf8 32.Qxb8 1-0

[Event "Bydgoszcz Bank Pocztowy op"]
[Site "Bydgoszcz"]
[Date "1999.07.13"]
[Round "2"]
[White "Kuzmin, Gennadi P"]
[Black "Raudive, Aivars"]
[Result "1/2-1/2"]
[WhiteElo "2518"]
[BlackElo "2240"]
[EventDate "1999.07.12"]
[PlyCount "92"]

1.e4 Nf6 2.e5 Nd5 3.d4 d6 4.Nf3 Bg4 5.Be2 e6 6.O-O Be7 7.Nc3 Nxc3 8.bxc3 
Nd7 9.Rb1 Rb8 10.Be3 O-O 11.exd6 cxd6 12.d5 Nc5 13.dxe6 Bxe6 14.Nd4 Bxa2 
15.Ra1 Bd5 16.Rxa7 Bg5 17.Nf5 Be4 18.Qxd6 Bxe3 19.Qxd8 Bxf2+ 20.Rxf2 Rbxd8
21.Nd4 Ra8 22.Rxa8 Rxa8 23.h3 Kf8 24.Bg4 g6 25.Ne6+ Nxe6 26.Bxe6 f5 27.g4 
Ra5 28.gxf5 gxf5 29.Kh2 Ke7 30.Bg8 Kf6 31.Kg3 Ra8 32.Bb3 Ke5 33.Kh4 Ra6 
34.Bf7 Rh6+ 35.Bh5 Rc6 36.Bf3 Rxc3 37.Bxe4 Kxe4 38.Re2+ Re3 39.Rd2 h5 40.
Rd7 b5 41.Rb7 f4 42.Rxb5 Rc3 43.Rb8 Rc5 44.c4 Kf5 45.Rf8+ Ke4 46.Rd8 Ke3 
1/2-1/2

[Event "Bydgoszcz Bank Pocztowy op"]
[Site "Bydgoszcz"]
[Date "1999.07.13"]
[Round "2"]
[White "Moiseenko, Alexander"]
[Black "Antoniewski, Rafal"]
[Result "1-0"]
[WhiteElo "2501"]
[BlackElo "2417"]
[EventDate "1999.07.12"]
[PlyCount "77"]

1.d4 Nf6 2.c4 g6 3.Nc3 Bg7 4.e4 d6 5.f3 O-O 6.Be3 a6 7.Qd2 Nbd7 8.O-O-O b5
9.h4 bxc4 10.g4 Nb6 11.h5 e6 12.Qh2 h6 13.hxg6 fxg6 14.Bxh6 Qd7 15.Bg5 Bb7
16.Nge2 Kf7 17.Bxf6 Rh8 18.Bh4 g5 19.Qf2 gxh4 20.Rxh4 Qe7 21.Rxh8 Rxh8 22.
f4 Ke8 23.Bg2 e5 24.dxe5 dxe5 25.Ng3 Bh6 26.g5 exf4 27.gxh6 Qg5 28.Qd2 
Rxh6 29.Nge2 Rd6 30.Qxf4 Qxg2 31.Rg1 Qh3 32.e5 Rh6 33.Rg8+ Kd7 34.Rg7+ Kc6
35.Qe4+ Kc5 36.Rxc7+ Rc6 37.Qd4+ Kb4 38.a3+ Ka5 39.Qc5+ 1-0

[Event "Bydgoszcz Bank Pocztowy op"]
[Site "Bydgoszcz"]
[Date "1999.07.13"]
[Round "2"]
[White "Prihodko, Alexander"]
[Black "Grabarczyk, Miroslaw"]
[Result "0-1"]
[WhiteElo "2258"]
[BlackElo "2484"]
[EventDate "1999.07.12"]
[PlyCount "94"]

1.e4 e5 2.Bc4 Nc6 3.d3 Nf6 4.Nf3 Bc5 5.c3 d6 6.O-O O-O 7.Bb3 a6 8.Nbd2 Ba7
9.Re1 Ne7 10.Nf1 Ng6 11.h3 Nh5 12.Bg5 Qe8 13.Nh4 Nhf4 14.Nxg6 Nxg6 15.Ng3 
Kh8 16.Nf5 Be6 17.Qh5 f6 18.Be3 Qf7 19.Bxe6 Qxe6 20.Qg4 Qf7 21.Bxa7 Rxa7 
22.g3 Raa8 23.d4 Rae8 24.d5 Ne7 25.c4 g6 26.Nxe7 Rxe7 27.Qe2 f5 28.f3 Qf6 
29.Kg2 Ref7 30.Rf1 Qg5 31.b3 Kg8 32.Rad1 a5 33.a4 h5 34.Rd3 h4 35.g4 fxe4 
36.Qxe4 Rf4 37.Qe2 e4 38.Re3 Qe5 39.Qf2 Rxf3 40.Rxf3 exf3+ 41.Kh1 Qg3 42.
Qh2 Kg7 43.Rg1 f2 44.Qxg3 hxg3 45.Rf1 Rf3 46.Kg2 Rxb3 47.g5 Re3 0-1

[Event "Bydgoszcz Bank Pocztowy op"]
[Site "Bydgoszcz"]
[Date "1999.07.13"]
[Round "2"]
[White "Stets, Dmitry"]
[Black "Bieluszewski, Piotr"]
[Result "1-0"]
[WhiteElo "2409"]
[BlackElo "2195"]
[EventDate "1999.07.12"]
[PlyCount "55"]

1.e4 c5 2.Nf3 d6 3.d4 cxd4 4.Nxd4 Nf6 5.Nc3 a6 6.Be3 e6 7.Qd2 b5 8.f3 Bb7 
9.g4 Nc6 10.O-O-O Nxd4 11.Bxd4 Nd7 12.Kb1 Bc6 13.h4 b4 14.Ne2 d5 15.exd5 
Bxd5 16.Qe3 Qa5 17.b3 Bc5 18.Nf4 Bb6 19.Nxd5 Qxd5 20.Bg2 Qa5 21.Bxb6 Nxb6 
22.f4 Rc8 23.Rd6 Rc5 24.Rxe6+ fxe6 25.Qxe6+ Kf8 26.Re1 Qb5 27.Qe7+ Kg8 28.
Qd8+ 1-0

[Event "Bydgoszcz Bank Pocztowy op"]
[Site "Bydgoszcz"]
[Date "1999.07.13"]
[Round "2"]
[White "Szczechowicz, Bartosz"]
[Black "Kovchan, Alexander"]
[Result "0-1"]
[WhiteElo "2249"]
[BlackElo "2448"]
[EventDate "1999.07.12"]
[PlyCount "92"]

1.e4 c5 2.Nf3 g6 3.d4 Bg7 4.d5 d6 5.h3 Nf6 6.Nc3 O-O 7.Be2 Na6 8.O-O Nc7 
9.Re1 Rb8 10.a4 a6 11.a5 b5 12.axb6 Rxb6 13.Bf1 e6 14.Na4 Rb8 15.e5 dxe5 
16.d6 Nce8 17.Nxe5 Qxd6 18.Qxd6 Nxd6 19.Nxc5 Ra8 20.Bf4 Nd5 21.Bh2 Nf5 22.
c3 g5 23.Ra3 Bxe5 24.Bxe5 f6 25.c4 Nb4 26.Bc3 Nc2 27.Nxe6 Nxe1 28.Nxf8 Nc2
29.Ra5 Kxf8 30.Bd3 Ncd4 31.g4 Nf3+ 32.Kf1 N5d4 33.Rd5 Be6 34.Rxd4 Nxd4 35.
Bxd4 Rd8 36.Bc5+ Kf7 37.Ke2 Rc8 38.b4 a5 39.Bxh7 Bxc4+ 40.Ke3 a4 41.Kd4 a3
42.Kc3 a2 43.Kb2 Ra8 44.Ka1 Rd8 45.Bc2 Rd2 46.Ba4 Re2 0-1

[Event "Bydgoszcz Bank Pocztowy op"]
[Site "Bydgoszcz"]
[Date "1999.07.13"]
[Round "2"]
[White "Vinogradov, Pavel"]
[Black "Poluljahov, Aleksandr"]
[Result "0-1"]
[WhiteElo "2288"]
[BlackElo "2554"]
[EventDate "1999.07.12"]
[PlyCount "141"]

1.e4 c5 2.Nf3 Nc6 3.d4 cxd4 4.Nxd4 Qc7 5.Nc3 e6 6.Be3 a6 7.Qd2 Nf6 8.f3 
Ne5 9.g4 h6 10.h4 b5 11.O-O-O b4 12.Na4 d5 13.Bf4 Bd6 14.Bh2 Bd7 15.b3 
Bxa4 16.bxa4 Ng6 17.Bb5+ axb5 18.Nxb5 Bxh2 19.Nxc7+ Bxc7 20.Qe2 O-O 21.g5 
Nh5 22.Rhg1 Rxa4 23.exd5 exd5 24.gxh6 Rxa2 25.hxg7 Rfa8 26.Rxg6 Bf4+ 27.
Kb1 fxg6 28.Qe6+ Kxg7 29.Rxd5 R2a7 30.Rd7+ Rxd7 31.Qxd7+ Kh6 32.Qe7 Ng7 
33.Kb2 Bd2 34.Qd6 Bc3+ 35.Kb3 Re8 36.Qg3 Rc8 37.Qg4 Nf5 38.Ka4 Ra8+ 39.Kb5
Ng7 40.f4 Rf8 41.Ka4 Rf5 42.Qf3 Ne6 43.Qa8 Nxf4 44.Qe8 Kh5 45.Qe7 Kg4 46.
Qd8 Rh5 47.Qd1+ Kxh4 48.Qh1+ Kg5 49.Qg1+ Kh6 50.Qe3 Rf5 51.Qe4 Kg5 52.Qf3 
Ne6 53.Qg3+ Kf6 54.Qh4+ Kf7 55.Qh7+ Bg7 56.Qh4 Bf8 57.Qh7+ Ng7 58.Qh2 g5 
59.Qc7+ Be7 60.Qc4+ Ne6 61.Qg4 Kg6 62.Qe2 Kf6 63.Qh5 Bf8 64.Qh8+ Bg7 65.
Qh1 Nf4 66.Qa1+ Kf7 67.Qd1 b3 68.c4 b2 69.Kb3 Bd4 70.Qh5+ Kg7 71.Qh1 0-1

[Event "Bydgoszcz Bank Pocztowy op"]
[Site "Bydgoszcz"]
[Date "1999.07.13"]
[Round "2"]
[White "Wisniewski, Przemyslaw"]
[Black "Jaracz, Pawel"]
[Result "0-1"]
[WhiteElo "2176"]
[BlackElo "2477"]
[EventDate "1999.07.12"]
[PlyCount "94"]

1.e4 c5 2.Nc3 Nc6 3.g3 g6 4.Bg2 Bg7 5.d3 d6 6.Nge2 e5 7.Be3 Nge7 8.O-O O-O
9.Qd2 Nd4 10.f4 Be6 11.Nd5 Bxd5 12.exd5 Nef5 13.Bf2 Nxe2+ 14.Qxe2 exf4 15.
gxf4 Re8 16.Qd2 Bxb2 17.Rab1 Qf6 18.Be4 Bc3 19.Qd1 b6 20.Qg4 Nh6 21.Qg5 
Qxg5+ 22.fxg5 Ng4 23.Bg3 Be5 24.Bxe5 Rxe5 25.h4 Kg7 26.Rf4 f5 27.gxf6+ 
Nxf6 28.Rbf1 Rf8 29.a4 Ree8 30.Rb1 Nxe4 31.Rxe4 Rxe4 32.dxe4 Kf6 33.a5 
bxa5 34.Ra1 Ke5 35.Rxa5 Rf7 36.Ra6 h5 37.c4 Rd7 38.Ra2 Kxe4 39.Rg2 Kd4 40.
Rxg6 Kxc4 41.Rg5 Rh7 42.Kf2 a5 43.Ke3 a4 44.Kd2 a3 45.Kc2 Rb7 46.Rg8 Rb2+ 
47.Kc1 Kxd5 0-1

[Event "Bydgoszcz Bank Pocztowy op"]
[Site "Bydgoszcz"]
[Date "1999.07.13"]
[Round "2"]
[White "Ziolkowski, Dawid"]
[Black "Sosnicki, Michal"]
[Result "0-1"]
[WhiteElo "2123"]
[BlackElo "2335"]
[EventDate "1999.07.12"]
[PlyCount "60"]

1.e4 c5 2.Nf3 Nc6 3.d4 cxd4 4.Nxd4 Qb6 5.Nb3 Nf6 6.Bd3 e6 7.O-O a6 8.Qe2 
Qc7 9.f4 d6 10.Nc3 Be7 11.Be3 b5 12.a4 b4 13.Nb5 axb5 14.axb5 Rxa1 15.Rxa1
Nb8 16.Ra7 Qd8 17.b6 O-O 18.Na5 e5 19.Ra8 Bd7 20.Bb5 exf4 21.Bd4 Bxb5 22.
Qxb5 Qc8 23.Rxb8 Qxb8 24.b7 Qe8 25.Nc6 Nd7 26.Ba7 Bd8 27.b8=Q Nxb8 28.Bxb8
Qxe4 29.Bxd6 Qe1+ 30.Qf1 Bb6+ 0-1